The Definitive Gilmore Girls Quiz #2 - Statistics

General Stats
  • This quiz has been taken 49 times
  • The average score is 9 of 15
Answer Stats
Hint Answer % Correct
What is Rory's half sister called? Gigi
90%
What supermarket does Jess work for? Walmart
88%
What does DAR stand for? Daughters of the American Revolution
83%
What is the colour of April's bike helmet? Pink
80%
What is the profession of Luke's girlfriend Rachel? Photographer
71%
What sport did Luke and Dean play together sometimes? Softball
68%
What product do Rory and her team make for the business fair? First Aid Kits
66%
When Sookie and Lorelai cater for a kids party, what film franchise is the theme? The Lord of the Rings
63%
What religion does Lane's grandmother believe in? Buddhism
59%
What are Sookie and Jackson's kids called? Davey and Martha
56%
What film do Lorelai and Rory watch when Dean comes over for the first time? Charlie and the Chocolate Factory
49%
What Broadway play does Brad Langford take time away from Chilton to perform in? Into the Woods
44%
What is the name of The Independence Inn's Night Manager? Tobin
41%
What is the name of the one maid Emily Gilmore loved? Deiya
17%
What was the name of Kirk's band? The Kirk Gleason 5
5%
No matching quizzes found
Score Distribution
Percent of People with Each Score
Percentile by Number Answered
Your Score History
You have not taken this quiz